=LDR 00000nam 2200000 4500 =001 INLIS000000000042662 =005 20131008015450 =008 ***********************************Ind** =035 ##$$0010-101300000000584 =041 ##$$a Ind =082 ##$$a 616.132 =090 ##$$a 616.132, Rob a =100 ##$$a Robert Bucckman =245 ##$$a Apa yang seharusnya anda ketahui tentang tekanan darah tinggi, Robert Buckman dan Patsy Westcott ; pengalih bahasa, Theodorus Dharma Wibisono =260 ##$$a 2010 $b Yogyakarta =300 ##$$a 80 hlm., ilus, 24 cm =650 ##$$a Hipertensi =700 ##$$a Theodorus Dharma Wibisono =850 ##$$a NBPNMAT =990 ##$$a 21400613/BPAP-NTB/20142014 =990 ##$$a 0001/BPAP-NTB/20142014 =990 ##$$a 2090101218/BPAP-NTB/2015